000 00354nam a22001457a 4500
999 _c258050
_d258049
003 OSt
005 20200123102339.0
008 200123b xxu||||| |||| 00| 0 eng d
020 _a9780515134513
040 _cN/A
100 _aLaurell K.Hamilton
245 _aThe Killing Dance
260 _aNew York
_bBerkey Publishing Group
_c2002
942 _2lcc
_cBK